000
00253nam a2200109Ia 4500
008
200302s9999 xx 000 0 und d
100
_a
Kevin Lynch
245
_a
Site Planning 2nd ed. (71)
260
_b
The Mit Press
260
_c
1982
300
_a
384 P.,
999
_c
2329
_d
2329